书目信息 |
| 题名: |
新大纲:英语考试阅读理解120篇精粹
|
|
| 作者: | ;全国同等学力申请硕士学位英语考试命题研究组 主编 | |
| 分册: | ||
| 出版信息: | 北京 电子工业出版社 2013.01 |
|
| 页数: | 390页 | |
| 开本: | 26cm | |
| 丛书名: | 同等学力申请硕士学位英语考试新大纲新题型辅导丛书 | |
| 单 册: | ||
| 中图分类: | H319.37 , H310.42 | |
| 科图分类: | ||
| 主题词: | 英语--阅读教学--硕士--水平考试--升学参考资料 , 英语 , 阅读教学 | |
| 电子资源: | ||
| ISBN: | 978-7-121-19085-8 | |
| 000 | 01207oam2 2200289 450 | |
| 001 | 010010108343 | |
| 005 | 20130703110156.67 | |
| 010 | @a978-7-121-19085-8@dCNY49.80 | |
| 100 | @a20121224d2013 em y0chiy50 ea | |
| 101 | 0 | @achi@aeng |
| 102 | @aCN@b110000 | |
| 105 | @ay z 000yy | |
| 106 | @ar | |
| 200 | 1 | @a新大纲:英语考试阅读理解120篇精粹@9xin da gang:ying yu kao shi yue du li jie 120 pian jing cui@f全国同等学力申请硕士学位英语考试命题研究组主编 |
| 210 | @a北京@c电子工业出版社@d2013.01 | |
| 215 | @a390页@d26cm | |
| 225 | 2 | @a同等学力申请硕士学位英语考试新大纲新题型辅导丛书 |
| 330 | @a本书选材系统、全面,与考试大纲紧密相连,内容涉及科学技术、经济管理、教育文化、社会生活、环境生态、政治历史、医学保健、宗教信仰、新闻艺术等方面。 | |
| 461 | 0 | @12001 @a同等学力申请硕士学位英语考试新大纲新题型辅导丛书 |
| 606 | 0 | @a英语@x阅读教学@x硕士@x水平考试@j升学参考资料 |
| 606 | 0 | @a英语 |
| 606 | 0 | @a阅读教学 |
| 690 | @aH319.37@v5 | |
| 690 | @aH310.42@v4 | |
| 711 | 02 | @a全国同等学力申请硕士学位英语考试命题研究组@9quan guo tong deng xue li shen qing shuo shi xue wei ying yu kao shi ming ti yan jiu zu@4主编 |
| 801 | 0 | @aCN@bRENTIAN@c20121224 |
| 905 | @b547226-29@dH310.42@e1581@f4 | |
| 新大纲:英语考试阅读理解120篇精粹/全国同等学力申请硕士学位英语考试命题研究组主编.-北京:电子工业出版社,2013.01 |
| 390页;26cm.-(同等学力申请硕士学位英语考试新大纲新题型辅导丛书) |
| ISBN 978-7-121-19085-8:CNY49.80 |
| 本书选材系统、全面,与考试大纲紧密相连,内容涉及科学技术、经济管理、教育文化、社会生活、环境生态、政治历史、医学保健、宗教信仰、新闻艺术等方面。 |
| ● |
| 相关链接 |
|
|
|
|
正题名:新大纲:英语考试阅读理解120篇精粹
索取号:H310.42/1581
 
预约/预借
| 序号 | 登录号 | 条形码 | 馆藏地/架位号 | 状态 | 备注 |
| 1 | 547226 | 205472264 | 第二样本阅览室/ [索取号:H310.42/1581] | 在馆 | |
| 2 | 547227 | 205472273 | 第四借阅区/ [索取号:H310.42/1581] | 在馆 | |
| 3 | 547228 | 205472282 | 第四借阅区/ [索取号:H310.42/1581] | 在馆 | |
| 4 | 547229 | 205472291 | 第四借阅区/ [索取号:H310.42/1581] | 在馆 |